000 00847nam a2200265 i 4500
001 bg
100 1 _aMARKIEWICZ, Aleksander
245 1 0 _aNarkotyki i alkohol :
_bprzewodnik dla wychowawców i nauczycieli : zagrożenia, wskazówki /
_cAleksander Markiewicz, Izabela Przybysz.
260 _aKoszalin :
_b"Wiem Wszystko",
_c1999.
300 _a20, [4] k.tabl. :
_bfot. kolor. ;
_c20 cm.
650 9 _aNarkomania
_xzapobieganie i zwalczanie
650 9 _aAlkoholizm
_xzapobieganie i zwalczanie
650 9 _aMłodzież
_xwychowanie
650 9 _aNarkotyki
655 _aPoradniki
655 _aWydawnictwa popularne
700 1 _aPRZYBYSZ, Izabela
020 _a8390646269
040 _cBPK
041 0 _apl
080 _a613.81/.83:37.018.1/.2
920 _a83-906462-6-9
942 _cKS
008 s pl f |000 0 pol
999 _c38313
_d38313
856 _uhttp://koha.tu.koszalin.pl/cgi-bin/koha/opac-detail.pl?biblionumber=38313
_yKatalog online BPK